logo

Bir Sreshtho Munshi Abdur Rouf Library
Jhenaidah Cadet College

The law of success : (Record no. 8136)

MARC details
000 -LEADER
fixed length control field 00806cam a2200265 i 4500
001 - CONTROL NUMBER
JCCL Control Number 8136
003 - CONTROL NUMBER IDENTIFIER
JCCL marc code BD-JhCC
005 - DATE AND TIME OF LATEST TRANSACTION
control field 20180218200418.0
008 - FIXED-LENGTH DATA ELEMENTS--GENERAL INFORMATION
fixed length control field 131125t20132013inu 000 0 eng c
020 ## - INTERNATIONAL STANDARD BOOK NUMBER
International Standard Book Number 9781491882429
020 ## - INTERNATIONAL STANDARD BOOK NUMBER
International Standard Book Number 9781491882436
020 ## - INTERNATIONAL STANDARD BOOK NUMBER
Cancelled/invalid ISBN 9781491882443 (e)
035 ## - SYSTEM CONTROL NUMBER
system control number (BD-JhCC)8136
035 ## - SYSTEM CONTROL NUMBER
system control number 5605594
035 ## - SYSTEM CONTROL NUMBER
system control number (Uk)016610771
040 ## - CATALOGING SOURCE
Original cataloging agency Uk
Transcribing agency Uk
Description conventions rda
Modifying agency UkCU
-- Uk
-- BD-JhCC
041 ## - LANGUAGE CODE
Language code of Book eng
082 04 - DEWEY DECIMAL CLASSIFICATION NUMBER
Classification number 158.1
DDC Edition number 23
Author mark and Year GAI 2013
100 1# - MAIN ENTRY--PERSONAL NAME
Personal name Gaitate, Obakeng E. R.,
245 14 - TITLE STATEMENT
Title The law of success :
Remainder of title presenting the unchanging principles built into the universe for your successful life. Be it in your studies, career, profession or business /
Statement of responsibility, etc Obakeng E R Gaitate.
300 ## - PHYSICAL DESCRIPTION
Pagination 98 pages ;
Dimensions 24 cm
650 #0 - SUBJECT ADDED ENTRY--TOPICAL TERM
Topical term or geographic name as entry element Success.
942 ## - ADDED ENTRY ELEMENTS (KOHA)
Source of classification or shelving scheme Dewey Decimal Classification
Koha item type Books
Holdings
Source of classification or shelving scheme Damaged status Not for loan Home library Current library Shelving location Total Checkouts Full call number Barcode Date last seen Copy number Koha item type
Dewey Decimal Classification     JCC Rouf Library JCC Rouf Library General Stacks   158.1 GAI 2013 10724 02/18/2018 C - 1 Books

JCC Library | Contacts | JCC Home

Last Update on 23 September 2017
Copyright @ 2017-2020 JCC Rouf Library
Rouf Library, Jhenidah Cadet College (JCC), Bangladesh